000 00487nam a2200193Ia 4500
005 20260531145102.0
008 260531s9999 xx 000 0 und d
020 _a9780070534773
041 _aEnglish
082 _a681.3.423.12 BAL
100 _aBalagurusamy (E)
245 0 _aProgramming in Anci C
250 _a3
260 _bTata Mcgraw-Hill Company Limited
_aNew Delhi
_c2006
300 _bPaper Back
_a493+14
563 _aPaper Back
650 _a ANSI C
942 _cBK
999 _c194975
_d194975